[Event "Barcelona Tres Peons op 49th"]
[Site "Barcelona"]
[Date "2020.01.10"]
[Round "1"]
[White "Vargas Drechsler, Carlos"]
[Black "Pereda Villalba, Julian"]
[Result "1-0"]
[WhiteElo "1933"]
[BlackElo "1581"]
[PlyCount "31"]
[EventDate "2020.01.10"]
[EventType "swiss"]
[EventRounds "8"]
[EventCountry "ESP"]
[SourceTitle "CBM 195 Extra"]
[Source "ChessBase"]
[SourceDate "2020.05.31"]
[SourceVersion "1"]
[SourceVersionDate "2020.05.31"]
[SourceQuality "1"]

1. e4 c5 2. Nf3 Nc6 3. d4 cxd4 4. Nxd4 d6 5. c4 g6 6. Nc3 Bg7 7. Be3 Nf6 8. Be2 Bd7 9. 0-0 0-0 10. f3 Qc8 11. Qd2 Ne5 12. b3 Nc6 13. Rab1 a5 14. Rfc1 Qd8 15. Kh1 Ne8 16. Ndb5 1-0

[Event "Barcelona 150 aniversity 2"]
[Site "Barcelona"]
[Date "2019.05.24"]
[Round "5.3"]
[White "Pereda Villalba, Julian"]
[Black "Berengeno Vierge, Rodolfo"]
[Result "0-1"]
[WhiteElo "1669"]
[BlackElo "1669"]
[PlyCount "67"]
[EventDate "2019.04.26"]
[EventType "swiss"]
[EventRounds "9"]
[EventCountry "ESP"]
[SourceTitle "EXT 2024"]
[Source "ChessBase"]
[SourceDate "2023.10.10"]
[SourceVersion "1"]
[SourceVersionDate "2023.10.10"]
[SourceQuality "1"]

1. d4 Nf6 2. c4 e6 3. Nc3 d5 4. Nf3 Be7 5. e3 0-0 6. c5 b6 7. cxb6 cxb6 8. Bd3 Ba6 9. 0-0 Bxd3 10. Qxd3 Nc6 11. a3 Na5 12. Ne5 Rc8 13. Qb5 Rc7 14. Bd2 Nc4 15. Rfd1 Nxe5 16. dxe5 Nd7 17. f4 Qc8 18. Rac1 a6 19. Qd3 Qb7 20. Ne2 Rfc8 21. b4 Rxc1 22. Rxc1 Rxc1+ 23. Bxc1 Qc8 24. Bd2 Qc4 25. Qxc4 dxc4 26. Nd4 Nb8 27. Kf2 Kf8 28. Kf3 Ke8 29. Ke4 Kd7 30. g4 Nc6 31. Nc2 b5 32. Be1 g6 33. h4 f5+ 34. Kf3 0-1

[Event "Barcelona 150 aniversity 2"]
[Site "Barcelona"]
[Date "2019.04.26"]
[Round "1.5"]
[White "Pereda Villalba, Julian"]
[Black "Orriols Codina, Joan"]
[Result "1-0"]
[WhiteElo "1669"]
[BlackElo "1669"]
[PlyCount "95"]
[EventDate "2019.04.26"]
[EventType "swiss"]
[EventRounds "9"]
[EventCountry "ESP"]
[SourceTitle "EXT 2024"]
[Source "ChessBase"]
[SourceDate "2023.10.10"]
[SourceVersion "1"]
[SourceVersionDate "2023.10.10"]
[SourceQuality "1"]

1. d4 Nf6 2. c4 c5 3. Nf3 cxd4 4. Nxd4 Nc6 5. Nc3 g6 6. h3 Bg7 7. g3 0-0 8. Bg2 a6 9. Nxc6 bxc6 10. 0-0 Rb8 11. Qc2 Bb7 12. Na4 d6 13. Rb1 c5 14. Bd2 Bxg2 15. Kxg2 Qd7 16. b3 Ne8 17. e4 f5 18. Qd3 Qc6 19. Qd5+ Qxd5 20. exd5 Nf6 21. f3 Rfe8 22. Rfe1 Kf7 23. Re6 Nd7 24. Rbe1 Nf8 25. R6e2 e5 26. dxe6+ Rxe6 27. Bf4 Rbe8 28. Kf1 Rxe2 29. Rxe2 Rxe2 30. Kxe2 Ke6 31. Nb6 Be5 32. Bh6 Nd7 33. Nd5 Bxg3 34. Nc7+ Kf7 35. Nxa6 Kf6 36. Bd2 g5 37. Nc7 Nb6 38. a4 d5 39. Nxd5+ Nxd5 40. cxd5 h6 41. Kd3 h5 42. Be3 g4 43. hxg4 fxg4 44. fxg4 h4 45. Bxc5 h3 46. Bg1 Bf2 47. Bh2 Bg3 48. Bxg3 1-0

[Event "Barcelona Sant Marti op-B 20th"]
[Site "Barcelona"]
[Date "2018.07.19"]
[Round "7"]
[White "Pereda Villalba, Julian"]
[Black "Sanchez Viana, Jordi"]
[Result "1-0"]
[WhiteElo "1669"]
[BlackElo "1536"]
[PlyCount "97"]
[EventDate "2018.07.13"]
[EventType "swiss"]
[EventRounds "9"]
[EventCountry "ESP"]
[SourceTitle "EXT 2019"]
[Source "ChessBase"]
[SourceDate "2018.10.10"]
[SourceVersion "1"]
[SourceVersionDate "2018.10.10"]
[SourceQuality "1"]

1. d4 d5 2. Nf3 Nf6 3. h3 h6 4. c4 c6 5. Nc3 dxc4 6. a4 Bf5 7. e3 Bd3 8. Bxd3 cxd3 9. Qxd3 e6 10. 0-0 Bd6 11. Rd1 0-0 12. b3 Na6 13. Ba3 Bxa3 14. Rxa3 Qd6 15. Raa1 Nb4 16. Qe2 Nfd5 17. Ne4 Qe7 18. Rdc1 f5 19. Nc5 a5 20. Ne5 Rfd8 21. Ncd3 Nxd3 22. Nxd3 Nf6 23. Qc2 Ne4 24. Ne5 Rd5 25. Kh2 c5 26. f3 Nf6 27. Ng6 Qd6+ 28. Kh1 cxd4 29. Nf4 Re5 30. e4 fxe4 31. fxe4 Nxe4 32. Qc7 Qxc7 33. Rxc7 Rf8 34. Ng6 Rff5 35. Nxe5 Rxe5 36. Rd7 d3 37. Kg1 d2 38. Rd3 Rc5 39. Rd1 Rc1 40. R3xd2 Rc3 41. Rd3 Rc2 42. Re3 Nc5 43. Rb1 Kf7 44. b4 axb4 45. Rxb4 Ra2 46. Rb5 b6 47. Rxb6 Rxa4 48. Rc6 Re4 49. Rf3+ 1-0

[Event "Barcelona Sant Marti op-B 20th"]
[Site "Barcelona"]
[Date "2018.07.18"]
[Round "6"]
[White "Bao, Jin Wen"]
[Black "Pereda Villalba, Julian"]
[Result "1-0"]
[WhiteElo "1302"]
[BlackElo "1669"]
[PlyCount "111"]
[EventDate "2018.07.13"]
[EventType "swiss"]
[EventRounds "9"]
[EventCountry "ESP"]
[SourceTitle "EXT 2019"]
[Source "ChessBase"]
[SourceDate "2018.10.10"]
[SourceVersion "1"]
[SourceVersionDate "2018.10.10"]
[SourceQuality "1"]

1. e4 c5 2. Nf3 g6 3. d4 Bg7 4. Nc3 cxd4 5. Nxd4 Nc6 6. Be3 d6 7. Qd2 Nf6 8. f3 Bd7 9. 0-0-0 Qa5 10. Bh6 0-0 11. Bxg7 Kxg7 12. Bc4 Qh5 13. g4 Qc5 14. Bb3 Nxd4 15. Qxd4 Qxd4 16. Rxd4 Bc6 17. g5 Nh5 18. Nd5 Bxd5 19. Bxd5 Rab8 20. Re1 Nf4 21. e5 dxe5 22. Rxe5 Nxd5 23. Rexd5 e6 24. Rd7 a6 25. Re7 b5 26. Rdd7 b4 27. Rxe6 a5 28. Re1 Rb5 29. f4 Rf5 30. Re4 Rc8 31. Kd1 Rfc5 32. Ree7 Rf5 33. Re4 Rcc5 34. Kd2 Rc8 35. c3 bxc3+ 36. bxc3 Rfc5 37. Ree7 Rf5 38. Re4 Rfc5 39. Rd3 Rb8 40. Kc1 Rcb5 41. Re2 Rb1+ 42. Kd2 Rf1 43. Rd4 Rf3 44. c4 Rh3 45. c5 Rb2+ 46. Kd1 Rb5 47. Rc4 Rd3+ 48. Rd2 Rxd2+ 49. Kxd2 Kf8 50. c6 Rb8 51. Kc3 Ke7 52. c7 Rc8 53. Kb3 Kd6 54. Ka4 Kd7 55. Kxa5 Ra8+ 56. Kb6 1-0

[Event "Barcelona Sant Marti op-B 20th"]
[Site "Barcelona"]
[Date "2018.07.17"]
[Round "5"]
[White "Pereda Villalba, Julian"]
[Black "Lopez Nadal, Alex"]
[Result "0-1"]
[WhiteElo "1669"]
[BlackElo "1794"]
[PlyCount "68"]
[EventDate "2018.07.13"]
[EventType "swiss"]
[EventRounds "9"]
[EventCountry "ESP"]
[SourceTitle "EXT 2019"]
[Source "ChessBase"]
[SourceDate "2018.10.10"]
[SourceVersion "1"]
[SourceVersionDate "2018.10.10"]
[SourceQuality "1"]

1. d4 c5 2. Nf3 cxd4 3. Nxd4 g6 4. c3 Bg7 5. g3 Nc6 6. Nxc6 bxc6 7. Bg2 Nf6 8. 0-0 0-0 9. Nd2 Bb7 10. Nb3 d6 11. Re1 Qc7 12. Bd2 c5 13. e4 Nd7 14. Qc1 Ne5 15. Qc2 a5 16. Rad1 a4 17. Nc1 Bc6 18. Nd3 Nc4 19. Bc1 Rfb8 20. b3 axb3 21. axb3 Na3 22. Bxa3 Rxa3 23. Ra1 Raxb3 24. e5 Bxg2 25. Kxg2 dxe5 26. Reb1 Rxb1 27. Rxb1 Rxb1 28. Qxb1 e4 29. Nf4 Bxc3 30. Qxe4 Qe5 31. Qa8+ Kg7 32. h4 Bd2 33. Nd3 Qd4 34. Qf3 c4 0-1

[Event "Barcelona Primavera La Lira op 11th"]
[Site "Barcelona"]
[Date "2018.06.07"]
[Round "9"]
[White "Romero Gamez, Francisco Javier"]
[Black "Pereda Villalba, Julian"]
[Result "0-1"]
[WhiteElo "1542"]
[BlackElo "1705"]
[PlyCount "104"]
[EventDate "2018.04.12"]
[EventType "swiss"]
[EventRounds "9"]
[EventCountry "ESP"]
[SourceTitle "CBM 184 Extra"]
[Source "ChessBase"]
[SourceDate "2018.06.28"]
[SourceVersion "1"]
[SourceVersionDate "2018.06.28"]
[SourceQuality "1"]

1. e4 e5 2. Nf3 Nc6 3. Bb5 Nd4 4. Bc4 Nxf3+ 5. Qxf3 Qf6 6. Qe2 Bc5 7. 0-0 d6 8. d3 Be6 9. Bb3 a6 10. c3 Bxb3 11. axb3 Ne7 12. b4 Bb6 13. b5 a5 14. Be3 0-0 15. Bxb6 cxb6 16. Nd2 d5 17. f3 Qd6 18. Qf2 Rac8 19. Rae1 Ng6 20. exd5 Nf4 21. Ne4 Qxd5 22. Qxb6 f5 23. Nf2 Nxd3 24. Nxd3 Qxd3 25. Rxe5 Rce8 26. Rxe8 Rxe8 27. Qxb7 Qe3+ 28. Kh1 Qe2 29. Qd5+ Kh8 30. Qd1 Qxb5 31. Re1 Rb8 32. Qe2 Qd7 33. h3 h6 34. Rd1 Qb7 35. Rd2 a4 36. Rd4 Qb3 37. Qd2 a3 38. Rd8+ Rxd8 39. Qxd8+ Kh7 40. bxa3 Qxc3 41. Qd6 f4 42. Qxf4 Qxa3 43. Kh2 Qa2 44. Qe4+ Kg8 45. f4 Qf2 46. f5 Qc5 47. Qe6+ Kh7 48. Qg6+ Kh8 49. Kg3 Qe3+ 50. Kh4 Qf2+ 51. g3 Qe3 52. Qd6 Qg5# 0-1

[Event "Barcelona Primavera La Lira op 11th"]
[Site "Barcelona"]
[Date "2018.05.03"]
[Round "4"]
[White "Febrero Perez, Lluis"]
[Black "Pereda Villalba, Julian"]
[Result "1-0"]
[WhiteElo "1526"]
[BlackElo "1705"]
[PlyCount "119"]
[EventDate "2018.04.12"]
[EventType "swiss"]
[EventRounds "9"]
[EventCountry "ESP"]
[SourceTitle "CBM 184 Extra"]
[Source "ChessBase"]
[SourceDate "2018.06.28"]
[SourceVersion "1"]
[SourceVersionDate "2018.06.28"]
[SourceQuality "1"]

1. e4 e6 2. d4 d6 3. Nf3 c5 4. d5 e5 5. Bb5+ Bd7 6. Qe2 a6 7. Bxd7+ Nxd7 8. c4 Be7 9. Nc3 Ngf6 10. 0-0 h6 11. b3 Nh7 12. Bb2 0-0 13. Qd3 Nb6 14. Ne2 Nc8 15. Ng3 Bg5 16. h3 Qd7 17. Nh2 Ne7 18. Nh5 f5 19. f4 fxe4 20. Qg3 exf4 21. Nxf4 Bf6 22. Bxf6 Rxf6 23. Ne6 Rg6 24. Qf4 Rf6 25. Qg4 Rg6 26. Qxe4 Ng5 27. Nxg5 Rxg5 28. Nf3 Rf5 29. Nh4 Rg5 30. Rf3 Rf8 31. Raf1 Rxf3 32. Rxf3 Re5 33. Qf4 Qe8 34. Rg3 Qh5 35. Nf3 Ng6 36. Rxg6 Qxg6 37. Nxe5 Qe8 38. Nf3 Qe7 39. Qg3 b5 40. Nh4 Qf6 41. Qe1 bxc4 42. bxc4 Qd4+ 43. Kh2 Qf4+ 44. Qg3 Qf6 45. Nf3 Kh7 46. Qg4 Kh8 47. Qe4 a5 48. Nh4 g5 49. Qe8+ Kg7 50. Qd7+ Kh8 51. Qf5 Qd4 52. Ng6+ Kg7 53. Ne7 Qxc4 54. Qg6+ Kf8 55. Qxd6 Qf4+ 56. Qxf4+ gxf4 57. Ng6+ Ke8 58. Nxf4 c4 59. Ne2 Kd7 60. Nc3 1-0

[Event "Barcelona Tres Peons 47th"]
[Site "Barcelona"]
[Date "2018.02.02"]
[Round "4.2"]
[White "Pereda Villalba, Julian"]
[Black "Cardenas, Fernando Adrian"]
[Result "0-1"]
[WhiteElo "1704"]
[BlackElo "2175"]
[PlyCount "66"]
[EventDate "2018.01.12"]
[EventType "swiss"]
[EventRounds "8"]
[EventCountry "ESP"]
[SourceTitle "EXT 2024"]
[Source "ChessBase"]
[SourceDate "2023.10.10"]
[SourceVersion "1"]
[SourceVersionDate "2023.10.10"]
[SourceQuality "1"]

1. d4 Nf6 2. c4 g6 3. Nc3 d5 4. h3 Bg7 5. Nf3 0-0 6. c5 b6 7. cxb6 axb6 8. e3 c5 9. Be2 Ne4 10. 0-0 Nc6 11. Nb5 Ba6 12. Nc3 Bxe2 13. Nxe2 Qd7 14. b3 b5 15. Bb2 c4 16. Nc3 Nxc3 17. Bxc3 b4 18. Bd2 e5 19. bxc4 dxc4 20. Nxe5 Nxe5 21. dxe5 c3 22. Be1 Qxd1 23. Rxd1 Bxe5 24. Rd5 Bg7 25. f4 Rxa2 26. Rb5 Rb2 27. Bh4 c2 28. Rc5 b3 29. Be7 Re8 30. Rc7 Rxe7 31. Rxe7 Rb1 32. Re8+ Bf8 33. Rc8 Rxf1+ 0-1

[Event "Barcelona Tres Peons 47th"]
[Site "Barcelona"]
[Date "2018.01.26"]
[Round "3.5"]
[White "Custodio Criado, Jofre"]
[Black "Pereda Villalba, Julian"]
[Result "0-1"]
[WhiteElo "1751"]
[BlackElo "1704"]
[PlyCount "29"]
[EventDate "2018.01.12"]
[EventType "swiss"]
[EventRounds "8"]
[EventCountry "ESP"]
[SourceTitle "EXT 2024"]
[Source "ChessBase"]
[SourceDate "2023.10.10"]
[SourceVersion "1"]
[SourceVersionDate "2023.10.10"]
[SourceQuality "1"]

1. e4 e5 2. Nf3 Nc6 3. Bc4 Nf6 4. Ng5 d5 5. exd5 Nxd5 6. Nxf7 Kxf7 7. Qf3+ Qf6 8. Bxd5+ Be6 9. Bxe6+ Kxe6 10. Qxf6+ Kxf6 11. 0-0 Bd6 12. Nc3 Raf8 13. Ne4+ Kg6 14. d3 h6 15. Be3 0-1

[Event "Barcelona Sant Marti op-B 19th"]
[Site "Barcelona"]
[Date "2017.07.18"]
[Round "6"]
[White "Pereda Villalba, Julian"]
[Black "Moreno Perez, Norberto"]
[Result "1/2-1/2"]
[WhiteElo "1719"]
[BlackElo "1851"]
[PlyCount "84"]
[EventDate "2017.07.13"]
[EventType "swiss"]
[EventRounds "9"]
[EventCountry "ESP"]
[SourceTitle "EXT 2018"]
[Source "ChessBase"]
[SourceDate "2017.10.13"]
[SourceVersion "1"]
[SourceVersionDate "2017.10.13"]
[SourceQuality "1"]

1. d4 e6 2. Nf3 Nf6 3. g3 d5 4. Bg2 Bd6 5. c4 c6 6. c5 Bc7 7. Nc3 0-0 8. 0-0 Nbd7 9. Re1 b6 10. cxb6 Nxb6 11. Na4 Nc4 12. b3 Nd6 13. Ne5 Bd7 14. Qc2 Nb5 15. e3 Bxe5 16. dxe5 Ng4 17. Bb2 Qg5 18. Nc5 Be8 19. Qd2 a5 20. h3 Nh6 21. Rad1 Qe7 22. Rc1 Nf5 23. e4 dxe4 24. Bxe4 Rd8 25. Qc2 Nbd4 26. Qc4 Qg5 27. Bg2 Qd2 28. Rb1 Rd5 29. Ne4 Qb4 30. Qxb4 axb4 31. Nd6 Rxd6 32. exd6 Nb5 33. Rbc1 Nfxd6 34. Bxc6 Bxc6 35. Rxc6 h5 36. Be5 Nf5 37. Rb6 Nbd4 38. Bxd4 Nxd4 39. Rd1 Ne2+ 40. Kf1 Nc3 41. Rd2 Nd5 42. Rb5 Ra8 1/2-1/2

[Event "Barcelona Vila Gracia Seniors 55 op 4th"]
[Site "Barcelona"]
[Date "2017.04.10"]
[Round "6.10"]
[White "Pereda Villalba, Julian"]
[Black "Vinals Rioja, Jaume"]
[Result "0-1"]
[WhiteElo "1767"]
[BlackElo "1995"]
[PlyCount "86"]
[EventDate "2017.03.06"]
[EventType "swiss"]
[EventRounds "9"]
[EventCountry "ESP"]
[SourceTitle "EXT 2024"]
[Source "ChessBase"]
[SourceDate "2023.10.10"]
[SourceVersion "1"]
[SourceVersionDate "2023.10.10"]
[SourceQuality "1"]

1. d4 f5 2. g3 Nf6 3. Bg2 g6 4. c4 Bg7 5. Nc3 0-0 6. Nf3 d6 7. Bd2 h6 8. Qc1 Kh7 9. Qc2 Nc6 10. e4 fxe4 11. Nxe4 Bf5 12. Nxf6+ exf6 13. Qc3 Be4 14. Be3 f5 15. h4 Qe7 16. 0-0 f4 17. Bxf4 Bxf3 18. Bxf3 Nxd4 19. Rae1 Qd7 20. Qd3 Nxf3+ 21. Qxf3 Rab8 22. b3 b6 23. Qg2 Rf7 24. Re2 Rbf8 25. Bc1 Qg4 26. Re4 Qf5 27. Rf4 Qc2 28. Rxf7 Rxf7 29. Qd5 Re7 30. Qd2 Qxd2 31. Bxd2 Re2 32. Rd1 Bd4 33. Be3 Bxe3 34. fxe3 Rxa2 35. Rd3 a5 36. Kf1 Kg7 37. Rd5 Ra3 38. Rb5 Ra2 39. e4 Kf6 40. g4 Rc2 41. g5+ hxg5 42. hxg5+ Ke6 43. Rd5 a4 0-1

[Event "Barcelona La Lira op 35th"]
[Site "Barcelona"]
[Date "2017.03.03"]
[Round "7"]
[White "Pereda Villalba, Julian"]
[Black "Volart Buil, Jordi"]
[Result "1-0"]
[WhiteElo "1767"]
[BlackElo "1800"]
[PlyCount "103"]
[EventDate "2017.01.20"]
[EventType "swiss"]
[EventRounds "8"]
[EventCountry "ESP"]
[SourceTitle "EXT 2018"]
[Source "ChessBase"]
[SourceDate "2017.10.13"]
[SourceVersion "1"]
[SourceVersionDate "2017.10.13"]
[SourceQuality "1"]

1. d4 Nf6 2. c4 c5 3. Nf3 e6 4. Nc3 Be7 5. e4 0-0 6. e5 Ne8 7. Be2 d5 8. 0-0 Nc6 9. cxd5 exd5 10. Be3 c4 11. h3 a6 12. Nh2 f5 13. f4 b5 14. a3 Rb8 15. Bf3 Be6 16. b3 cxb3 17. Qxb3 Na5 18. Qd1 Nc4 19. Bc1 Qa5 20. Qd3 Nc7 21. Ra2 b4 22. axb4 Qxb4 23. Qc2 Qb3 24. Be2 Qxc2 25. Rxc2 Rb3 26. Rd1 Ba3 27. Bxc4 dxc4 28. d5 Bc8 29. Bxa3 Rxa3 30. Rd4 Rxc3 31. Rxc3 Nb5 32. Rdxc4 Nxc3 33. Rxc3 Bb7 34. Rc5 Rd8 35. d6 Rd7 36. Nf3 Rd8 37. Nd4 g6 38. Rc7 Bd5 39. Ra7 Kf8 40. Rxa6 Re8 41. h4 Rb8 42. g3 Rb1+ 43. Kf2 Rf1+ 44. Ke3 Re1+ 45. Kd2 Re4 46. Kc3 Re3+ 47. Kb4 Rxg3 48. Kc5 Bb7 49. Rb6 Bc8 50. Rb8 Rc3+ 51. Kd5 Ke8 52. e6 1-0

[Event "Barcelona La Lira op 35th"]
[Site "Barcelona"]
[Date "2017.02.24"]
[Round "6"]
[White "Corominas Garrido, Jordi"]
[Black "Pereda Villalba, Julian"]
[Result "1-0"]
[WhiteElo "1918"]
[BlackElo "1767"]
[PlyCount "75"]
[EventDate "2017.01.20"]
[EventType "swiss"]
[EventRounds "8"]
[EventCountry "ESP"]
[SourceTitle "EXT 2018"]
[Source "ChessBase"]
[SourceDate "2017.10.13"]
[SourceVersion "1"]
[SourceVersionDate "2017.10.13"]
[SourceQuality "1"]

1. c4 e5 2. Nc3 Nf6 3. Nf3 Nc6 4. g3 d5 5. cxd5 Nxd5 6. Bg2 Nxc3 7. bxc3 Bd6 8. d3 h6 9. 0-0 0-0 10. Rb1 Ne7 11. Nd2 c6 12. Nc4 Bc7 13. Ba3 Re8 14. e4 b5 15. Ne3 Bd6 16. Qc1 Be6 17. Bxd6 Qxd6 18. Qc2 a6 19. Rfd1 Rac8 20. d4 f6 21. Rd2 c5 22. d5 Bf7 23. Bh3 Rc7 24. a4 Rb8 25. axb5 c4 26. bxa6 Rxb1+ 27. Qxb1 Ra7 28. Nxc4 Qxa6 29. Qd3 Ra8 30. Ne3 Qd6 31. Rb2 Bg6 32. c4 Be8 33. Qb3 Qc5 34. Qb6 Qa3 35. c5 Qc3 36. Rb1 Ra2 37. d6 Qd2 38. Be6+ 1-0

[Event "Barcelona La Lira op 35th"]
[Site "Barcelona"]
[Date "2017.02.03"]
[Round "3"]
[White "Pereda Villalba, Julian"]
[Black "Rodriguez Beltran, Fernando"]
[Result "1/2-1/2"]
[WhiteElo "1767"]
[BlackElo "1601"]
[PlyCount "55"]
[EventDate "2017.01.20"]
[EventType "swiss"]
[EventRounds "8"]
[EventCountry "ESP"]
[SourceTitle "EXT 2018"]
[Source "ChessBase"]
[SourceDate "2017.10.13"]
[SourceVersion "1"]
[SourceVersionDate "2017.10.13"]
[SourceQuality "1"]

1. e4 d5 2. e5 Bf5 3. d4 c5 4. c3 Nc6 5. Bd3 Bg6 6. Ne2 e6 7. f4 Nge7 8. 0-0 cxd4 9. Nxd4 Nxd4 10. cxd4 Qb6 11. Kh1 Bxd3 12. Qxd3 Nf5 13. Rd1 h5 14. Nc3 Rc8 15. Na4 Qd8 16. b3 Qd7 17. Bb2 Be7 18. Rac1 0-0 19. Nc3 Nh6 20. Ne2 Ng4 21. Qf3 g6 22. h3 Nh6 23. Ng3 Kh7 24. Qd3 Kh8 25. Bc3 Bh4 26. Bb4 Rxc1 27. Rxc1 Rc8 28. Rc3 1/2-1/2

[Event "Barcelona Sant Marti op-B 18th"]
[Site "Barcelona"]
[Date "2016.07.21"]
[Round "9.42"]
[White "Pereda Villalba, Julian"]
[Black "Demestres Lopez, Ricardo"]
[Result "1-0"]
[WhiteElo "1824"]
[BlackElo "1643"]
[PlyCount "89"]
[EventDate "2016.07.13"]
[EventType "swiss"]
[EventRounds "9"]
[EventCountry "ESP"]
[SourceTitle "EXT 2024"]
[Source "ChessBase"]
[SourceDate "2023.10.10"]
[SourceVersion "1"]
[SourceVersionDate "2023.10.10"]
[SourceQuality "1"]

1. d4 Nf6 2. c4 d6 3. Nc3 g6 4. e4 Bg7 5. Nf3 Bg4 6. Be2 Nbd7 7. h3 Bxf3 8. Bxf3 e5 9. d5 0-0 10. Be3 Qe7 11. Qd2 Rfc8 12. 0-0 c5 13. a4 a5 14. Bg5 Nb6 15. Be2 Qf8 16. f3 h6 17. Be3 Nh5 18. Kh2 g5 19. g4 Nf4 20. Bxf4 exf4 21. Nb5 Be5 22. Qc2 Qe7 23. Kg2 Nd7 24. Rab1 Nf8 25. b3 Ng6 26. Rh1 Nh4+ 27. Kf2 Qf6 28. Qd3 Kf8 29. Na3 Ke8 30. Nc2 Kd7 31. Ne1 Qg7 32. Ng2 Ng6 33. h4 gxh4 34. Nxh4 Rh8 35. Nf5 Qf8 36. Rh5 Ne7 37. Nxe7 Qxe7 38. Kg2 Rag8 39. Rbh1 Rg6 40. Re1 Bf6 41. Qd2 Bg5 42. Qxa5 Qd8 43. Qxd8+ Kxd8 44. Bd3 Rgg8 45. Kf2 1-0

[Event "Barcelona Sant Marti op-B 18th"]
[Site "Barcelona"]
[Date "2016.07.20"]
[Round "8.56"]
[White "Sanchez Coves, Juan Josep"]
[Black "Pereda Villalba, Julian"]
[Result "0-1"]
[WhiteElo "1610"]
[BlackElo "1824"]
[PlyCount "90"]
[EventDate "2016.07.13"]
[EventType "swiss"]
[EventRounds "9"]
[EventCountry "ESP"]
[SourceTitle "EXT 2024"]
[Source "ChessBase"]
[SourceDate "2023.10.10"]
[SourceVersion "1"]
[SourceVersionDate "2023.10.10"]
[SourceQuality "1"]

1. e4 e5 2. Nf3 Nc6 3. Bc4 Be7 4. d4 exd4 5. Nxd4 Nf6 6. 0-0 0-0 7. Nc3 Nxd4 8. Qxd4 d6 9. Nd5 Nxd5 10. exd5 Bf6 11. Qd3 Bg4 12. Qg3 Bf5 13. c3 Bh4 14. Qf3 Bg6 15. g3 Bg5 16. Bxg5 Qxg5 17. h4 Qf5 18. Qxf5 Bxf5 19. Kg2 Rfe8 20. Rfe1 Kf8 21. f3 a6 22. a4 Rad8 23. g4 Bd7 24. a5 f6 25. h5 Kf7 26. Bd3 g6 27. hxg6+ hxg6 28. Rh1 Kg7 29. Rae1 Re5 30. c4 Rde8 31. Kf2 f5 32. gxf5 Rxe1 33. Rxe1 Rxe1 34. Kxe1 gxf5 35. Kd2 f4 36. b4 Kf6 37. c5 Ke5 38. Be4 Bb5 39. c6 bxc6 40. dxc6 d5 41. Bb1 Kd4 42. Ba2 Bxc6 43. Ke2 Bb5+ 44. Kd2 c6 45. Bb1 Kc4 0-1

[Event "Barcelona Sant Marti op-B 18th"]
[Site "Barcelona"]
[Date "2016.07.14"]
[Round "2.39"]
[White "Garcia Ramos, Anais"]
[Black "Pereda Villalba, Julian"]
[Result "1-0"]
[WhiteElo "1392"]
[BlackElo "1824"]
[PlyCount "119"]
[EventDate "2016.07.13"]
[EventType "swiss"]
[EventRounds "9"]
[EventCountry "ESP"]
[SourceTitle "EXT 2024"]
[Source "ChessBase"]
[SourceDate "2023.10.10"]
[SourceVersion "1"]
[SourceVersionDate "2023.10.10"]
[SourceQuality "1"]

1. e4 e5 2. Nf3 Nc6 3. Bc4 Be7 4. 0-0 Nf6 5. Nc3 0-0 6. d4 exd4 7. Nxd4 Ne5 8. Bb3 d6 9. h3 Bd7 10. Be3 Nc6 11. Nxc6 Bxc6 12. Bd5 Qd7 13. Bxc6 Qxc6 14. Nd5 Bd8 15. Bg5 Nxd5 16. exd5 Qb5 17. Bxd8 Raxd8 18. Qd4 Rfe8 19. Rfe1 a6 20. a4 Qd7 21. Kf1 h6 22. Rxe8+ Rxe8 23. Re1 b6 24. Rxe8+ Qxe8 25. f3 Qd7 26. Ke2 Qf5 27. Qe4 Qd7 28. g4 a5 29. b3 g6 30. f4 Kg7 31. f5 g5 32. Qd4+ Kh7 33. Kd3 Qe7 34. Qe4 Qf6 35. c3 h5 36. gxh5 Kh6 37. Qg4 Qe5 38. Qf3 Qe1 39. Kc4 Qe5 40. Kb5 Qe8+ 41. Kc4 Qe5 42. b4 axb4 43. cxb4 Qa1 44. Kb5 Qe5 45. Kc6 Qe7 46. Qd3 Qe1 47. Qd4 Qe8+ 48. Kxc7 Qe7+ 49. Kxb6 Qd8+ 50. Kc6 Kxh5 51. a5 Qc8+ 52. Kxd6 Qxf5 53. Qh8+ Kg6 54. a6 Qf4+ 55. Kc5 Qc7+ 56. Kb5 Qd7+ 57. Kc4 Qc7+ 58. Kb3 Qc1 59. Qc3 Qd1+ 60. Qc2+ 1-0

[Event "Barcelona Tres Peons-C 45th"]
[Site "Barcelona"]
[Date "2016.05.13"]
[Round "5.2"]
[White "Bes Alvarez, Alex"]
[Black "Pereda Villalba, Julian"]
[Result "1-0"]
[WhiteElo "1193"]
[BlackElo "1844"]
[PlyCount "70"]
[EventDate "2016.04.15"]
[EventType "swiss"]
[EventRounds "9"]
[EventCountry "ESP"]
[SourceTitle "EXT 2024"]
[Source "ChessBase"]
[SourceDate "2023.10.10"]
[SourceVersion "1"]
[SourceVersionDate "2023.10.10"]
[SourceQuality "1"]

1. d4 d5 2. c4 c6 3. Nc3 Nf6 4. a4 h6 5. Nf3 Nbd7 6. cxd5 cxd5 7. e3 e6 8. Bd3 Bb4 9. 0-0 0-0 10. Qc2 Re8 11. Bd2 Nf8 12. Nb5 Bxd2 13. Nxd2 a6 14. Nc7 Bd7 15. Nxa8 Qxa8 16. b4 Qb8 17. b5 e5 18. dxe5 Qxe5 19. bxa6 bxa6 20. Bxa6 d4 21. exd4 Qxd4 22. Nf3 Qf4 23. Qc4 Re4 24. Qc1 Qg4 25. Bb5 Nh5 26. Bxd7 Nxd7 27. h3 Qf5 28. Qc8+ Kh7 29. Qc7 Nf4 30. Nh4 Nxh3+ 31. gxh3 Qg5+ 32. Ng2 f5 33. f3 Re2 34. a5 g6 35. a6 Qg3 1-0

[Event "Barcelona Tres Peons-C 45th"]
[Site "Barcelona"]
[Date "2016.04.29"]
[Round "3.1"]
[White "Pereda Villalba, Julian"]
[Black "Galceran Porqueras, Joan"]
[Result "1/2-1/2"]
[WhiteElo "1844"]
[BlackElo "1787"]
[PlyCount "82"]
[EventDate "2016.04.15"]
[EventType "swiss"]
[EventRounds "9"]
[EventCountry "ESP"]
[SourceTitle "EXT 2024"]
[Source "ChessBase"]
[SourceDate "2023.10.10"]
[SourceVersion "1"]
[SourceVersionDate "2023.10.10"]
[SourceQuality "1"]

1. d4 Nf6 2. c4 e5 3. dxe5 Ng4 4. Nf3 Nc6 5. Bg5 Be7 6. Bf4 Bc5 7. e3 Qe7 8. Bg5 Qe6 9. Qd5 Bb4+ 10. Nc3 Ngxe5 11. Be2 0-0 12. 0-0 Bxc3 13. bxc3 d6 14. Nd4 Qe8 15. Bf4 Ne7 16. Qa5 b6 17. Qa3 N5c6 18. Nxc6 Nxc6 19. Bf3 Bb7 20. Bd5 Na5 21. Qb4 Bc6 22. Rfe1 Nb7 23. e4 Nc5 24. Rad1 Bxd5 25. cxd5 f6 26. f3 a5 27. Qb1 Qd7 28. c4 Rfe8 29. g4 Re7 30. Kg2 Rae8 31. h3 Qa4 32. Rc1 Qb4 33. Qc2 Qa4 34. Be3 Qxc2+ 35. Rxc2 Nd7 36. Kf2 Ne5 37. Rd1 Nd7 38. Bd4 g6 39. Re2 Kf7 40. Rde1 Ne5 41. Bxe5 fxe5 1/2-1/2